| 000 | 00503nam a2200169Ia 4500 | ||
|---|---|---|---|
| 999 |
_c58 _d58 |
||
| 003 | OSt | ||
| 005 | 20201224123444.0 | ||
| 008 | 190216s9999||||xx |||||||||||||| ||und|| | ||
| 040 | _coclc | ||
| 082 |
_a297.122594812 _bEDA/P |
||
| 100 |
_aEdassery, P Muhammed _97857 |
||
| 245 | 0 |
_aParishudha Quran Paribhasha / _cP Muhammed Edassery |
|
| 260 |
_bIslami Sahitya Prakashan, _c1954. |
||
| 300 | _a232p | ||
| 650 | _aArabic | ||
| 942 |
_cBK _2ddc _h297.122594812 _iEDA/P _k297.122594812 _mEDA/P |
||